| 000 | 00634nam a2200217 a 4500 | ||
|---|---|---|---|
| 001 | 73806 | ||
| 003 | BD-RjUL | ||
| 005 | 20211209082441.0 | ||
| 008 | 170612s1964 nyu 000 0 eng | ||
| 020 | _a070242100 | ||
| 035 | _a(BD-RjUL)74024 | ||
| 040 |
_aDLC _cCarP _dDLC _dBD-RjUL _beng |
||
| 041 | _aeng | ||
| 082 |
_223 _a658.15 _bACC 1964 |
||
| 245 | 0 | 0 |
_aAccounting information and business decisions : _ba simulation / _cJack Gray... [et al] |
| 260 |
_aNew York : _bMcGraw-Hill, _cc1964. |
||
| 300 |
_a41 p. ; _c28 cm. |
||
| 650 | 0 |
_aManagement games. _9218538 |
|
| 650 | 0 |
_aFinancial Decision making. _9218539 |
|
| 942 |
_2ddc _cBK |
||
| 999 |
_c73806 _d73806 |
||